Modélisation d´un système d´acquisition et de transmission à fibres optiques fonctionnant en environnement ferroviaire (Record no. 54023)
| 000 -GUIDE | |
|---|---|
| Champ de contrôle de longueur fixe | 01065nam a22002417a 4500 |
| 003 - IDENTITÉ DU NUMÉRO DE CONTRÔLE | |
| Champ de contrôle | BI-BuBU |
| 008 - ÉLÉMENTS DE LONGUEUR FIXE - RENSEIGNEMENTS GÉNÉRAUX | |
| Champ de contrôle de longueur fixe | 260616b202616/6bd ||||f |||| 00| 0 fre d |
| 037 ## - SOURCE D'ACQUISITION | |
| Source d'acquisition et du numéro d'inventaire | don de l´auteur |
| 039 ## - NIVEAU DE CONTRÔLE BIBLIOGRAPHIQUE ET HISTORIQUE D'ENCODAGE [OBSOLETE] | |
| Date creation | 20260616094408.0 |
| Nom catalographe | Jean Baptiste Ndikumana |
| 040 ## - SOURCE DU CATALOGAGE | |
| Organisme qui a effectué le catalogage original | BI-BuBU |
| Code de la langue utilisée dans le catalogage | fre |
| Organisme qui a effectué la transcription | BI-BuBU |
| Organisme qui a effectué la modification | BI-BuBU |
| 080 ## - INDICE DE LA CLASSIFICATION DÉCIMALE UNIVERSELLE (CDU) | |
| Indice de la Classification décimale universelle | 621.315.614 |
| 100 1# - VEDETTE PRINCIPALE - NOM DE PERSONNE | |
| Code de relation | aut |
| Nom de personne | Kimombo,Jacques |
| 245 10 - MENTION DU TITRE | |
| Titre | Modélisation d´un système d´acquisition et de transmission à fibres optiques fonctionnant en environnement ferroviaire |
| Mention de responsabilité, etc. | Jacques Kimombo; Jérémie Ndikumagenge,directeur |
| 260 ## - PUBLICATION, DIFFUSION, ETC. (ADRESSE BIBLIOGRAPHIQUE) | |
| Lieu de publication, diffusion, etc. | Bujumbura |
| Nom de l'éditeur, diffuseur, etc. | Université du Burundi,Faculté des Sciences de l´Ingénieur |
| Date of publication, distribution, etc | 2025 |
| 300 ## - DESCRIPTION MATÉRIELLE | |
| Collation | XII-43f |
| Dimensions | 30cm |
| 502 ## - NOTE DE THÈSE OU MÉMOIRE | |
| Note de thèse | Mémoire présenté en vue de l´obtention du grade de Master en Génie des Télécommunications |
| 650 #7 - VEDETTE-MATIÈRE - NOM COMMUN | |
| Source du terme | BI-BuBU |
| Vedette de sujet ou vedette comportant un nom géographique | Fibre optique |
| Subdivision de forme | Transimission |
| Subdivision générale | Environnement ferroviaire |
| 650 #7 - VEDETTE-MATIÈRE - NOM COMMUN | |
| Vedette de sujet ou vedette comportant un nom géographique | Fibre optique |
| Subdivision de forme | Acquisition |
| Subdivision générale | Evironnement ferroviaire |
| 655 #7 - TERME D'INDEXATION - GENRE OU FORME | |
| Source du terme | BI-BuBU |
| 700 1# - VEDETTE SECONDAIRE - NOM DE PERSONNE | |
| Code de relation | dir. |
| Nom d'auteur | Ndikumagenge Jérémie |
| 710 ## - VEDETTE SECONDAIRE - NOM DE COLLECTIVITÉ | |
| Code de relation | aut |
| Nom de la collectivité ou nom de lieu comme élément de classement | Faculté des Sciences de l´Ingénieur |
| 942 ## - ÉLÉMENTS D'ENTRÉE ADDITIONNELLE (KOHA) | |
| Source de la classification ou du système de rangement | |
| Type d item koha | Memoire |
No items available.